Missing Word: 'A' Names II Quiz Stats

 Plays Quiz Updated Jul 3, 2012

Support Sporcle.
Go Orange.
Score 0/22 Timer 04:00
0 Plays Today
Name Answer % Correct
Muhammad _____Ali
99.6%
_____ SandlerAdam
96.9%
Jennifer _____Aniston
93.9%
Pamela _____Anderson
93.7%
_____ the HunAttila
83.6%
King _____Arthur
83.2%
Louis _____Armstrong
83%
_____ JacksonAndrew
81.2%
Jessica _____Alba
79.7%
_____ AdamsAmy
78.4%
Andre _____Agassi
77%
Name Answer % Correct
_____ SeyfriedAmanda
74.2%
_____ MilanoAlyssa
70%
Christina _____Aguilera
69.6%
_____ TisdaleAshley
68.3%
_____ FerreraAmerica
66.9%
_____ HamiltonAlexander
64.5%
Ben _____Affleck
60.1%
_____ HanniganAlyson
58.9%
_____ CarterAaron
52.5%
_____ BreslinAbigail
47.6%
Padme _____Amidala
27.9%

Today's Daily Dose

You're not logged in!

Compare scores with friends on all Sporcle quizzes.
OR
Log In

From the Vault

Freeze Frame TV Ladder

by bhenderson79

There's more than one way to climb a ladder.
Remove Ads.
Support Sporcle.
Get the best of Sporcle when you Go Orange. This ad-free experience offers more features, more stats, and more fun while also helping to support Sporcle. Thank you for becoming a member.

Show Comments

Extras

Top Quizzes Today


Score Distribution

Your Account Isn't Verified!

In order to create a playlist on Sporcle, you need to verify the email address you used during registration. Go to your Sporcle Settings to finish the process.

Report this User

Report this user for behavior that violates our Community Guidelines.

Details: